| 000 | 00899nas a2200289 4500 | ||
|---|---|---|---|
| 001 | BR2012001549 | ||
| 003 | BR-BrBNA | ||
| 005 | 20231205120237.0 | ||
| 007 | ta | ||
| 008 | 230509b bl.|||p| |||| 00| 00por d | ||
| 040 |
_aBR-BrBNA _bpor _cBiblioteca Nacional de Agricultura |
||
| 041 | _a(Pt) | ||
| 072 | _aF60 | ||
| 100 | 1 | _aLago, I. | |
| 100 | 1 | _aStreck, N.A. | |
| 100 | 1 | _aBisognin, D.A. | |
| 100 | 1 | _aSouza, A.T. de | |
| 100 | 1 | _aSilva, M.R. da | |
| 245 | 1 | _aTranspiração e crescimento foliar de plantas de mandioca em resposta ao déficit hídrico do solo | |
| 650 | _aMANDIOCA | ||
| 650 | _aTRANSPIRAÇÃO VEGETAL | ||
| 650 | _aDEFICIÊNCIA HÍDRICA | ||
| 650 | _aÁREA FOLIAR | ||
| 773 | 0 |
_tPesquisa Agropecuária Brasileira (Brazil) _xISSN 0100-204X _g(Nov 2011), v. 46(11) p. 1415-1423 _wBR2012001549 |
|
| 909 |
_a202311 _bLúcia _c55 _dLúcia Elande |
||
| 942 |
_2AGRIS _n0 _cANA |
||
| 999 |
_c217589 _d217589 |
||